LA MEDIDA DE LAS APTITUDES PROFESIONALES /

Αποθηκεύτηκε σε:
Λεπτομέρειες βιβλιογραφικής εγγραφής
Κύριος συγγραφέας: Super, Donald E. (autor)
Άλλοι συγγραφείς: Crites, John O. (autor) (autor)
Μορφή: Βιβλίο
Σειρά:MONOGRAFIAS DE PSICOLOGIA NORMAL Y PATOLOGICA; 10
Θέματα:
Ετικέτες: Προσθήκη ετικέτας
Δεν υπάρχουν, Καταχωρήστε ετικέτα πρώτοι!

MARC

LEADER 00000nam^a2200000^a^4500
001 000231717
005 20250521000000.0
009 20260310104532.437
035 |a 054354 
037 |a Acervo Xavier Clavigero 
082 |a 153. 94  |b SUP 
100 |a Super, Donald E.  |e (autor) 
245 1 3 |a LA MEDIDA DE LAS APTITUDES PROFESIONALES /  |c DONALD E. SUPER, JOHN O. CRITES; TR. ALFONSO ALVAREZ VILLAR 
264 |a MADRID :  |b ESPASA-CALPE,  |c 1966 
300 |a 733p. 
336 |a texto  |b txt  |2 rdacontenido 
337 |a sin mediación  |b n  |2 rdamedio 
338 |a volumen  |b nc  |2 rdasoporte 
440 |a MONOGRAFIAS DE PSICOLOGIA NORMAL Y PATOLOGICA;  |v 10 
649 |a XX 
650 |a Pruebas de Aptitudes 
700 |a Crites, John O.  |e (autor) 
910 |a Fondo General 
920 |a Impresos - Libros 
930 |a Colección General 
905 |a 101 
901 |a 054354  |b IT1  |c ACC  |i 054354  |u 20250521 
902 |a https://opac.biblio.iteso.mx/vufind/Record/000231717